Military History A-Z - Statistics

General Stats
  • This quiz has been taken 98 times
    78 since last reset
  • The average score is 15 of 26
Answer Stats
Hint Answer999 % Correct
The country invaded by Iraq which sparked the Gulf War K Kuwait
82%
Airforce which bombed the London during the Battle of Britain L Luftwaffe
81%
Feared submarines that haunted the North Atlantic during the World Wars U U-Boats
78%
German pilot of WWI, made famous for his lethality R Red Baron
76%
A Chinese city infamous for the Japanese war crimes committed there N Nanjing
75%
Highly toxic agent dropped on Vietnam which causes hereditary defects O Orange
73%
Chinese dynasty which fought in the Opium Wars Q Qing
70%
Namesake peninsula of a war between France, Britain, and Russia in 1853 C Crimea
69%
The longest battle of WWI V Verdun
67%
Egyptian town, famous for its WWII battle E El-Alamein
64%
Island where 'The Troubles' occured I Ireland
64%
Native tribe which fought at the Battle of Rorke's Drift Z Zulu
64%
Wall built by the Romans to protect their territory from the Picts H Hadrian's Wall
61%
Battle famous for the use of Dreadnoughts J Jutland
60%
Modern day nation containing Bikini Atoll, a coral island used for nuclear tests M Marshall Islands
55%
Plane model that Ebola Gay, the bomber of Hiroshima, was B B-29
51%
Belgian battle famous for having the first use of Chlorine Gas Y Ypres
46%
One of the deadliest Union victories of the American Civil War A Antietam
43%
The Assassin of Archduke Franz Ferdinand G Gavrilo Princip
42%
One of the Ukrainian oblast attacked by the Russians in 2022 D Donetsk
39%
A massive recreation of the Qin Dynasty's army was found near this city X Xi'an
39%
French revolutionary group claiming to be the true government during WWII F Free France
37%
Nation which lost 90% of its male population in the 1860's to an enemy coalition P Paraguay
36%
The last stronghold of the Aztecs T Tenochtitlan
36%
The deadliest sniper in history, the "White Death" S Simo Häyhä
27%
A 1648 treaty often considered to create the idea of a modern nation state W Westphalia
19%
No matching quizzes found
Score Distribution
Percent of People with Each Score
Percentile by Number Answered
Your Score History
You have not taken this quiz since the last reset